000 00449nam a2200169Ia 4500
008 221030s9999 xx 000 0 und d
020 _a0074516922
041 _aEnglish
082 _a105.23
_bJai
100 _aR. P. Jain
245 0 _aDigital Electronics Practice Using Integrated Circuits
_cby R. P. Jain, M. M. S. Anand
260 _bTMH
_aNew Delhi
_c1999
300 _a323
650 _aBE Computer
700 _aM. M. S. Anand
942 _cBK
999 _c4756
_d4756